Government port failure (Record no. 73861)

MARC details
000 -LEADER
fixed length control field 01213cam a2200217 4500
001 - CONTROL NUMBER
control field WB3945-18
008 - FIXED-LENGTH DATA ELEMENTS--GENERAL INFORMATION
fixed length control field 031126n2003 000 0 eng u
035 ## - SYSTEM CONTROL NUMBER
System control number (Sirsi) u124474
245 ## - TITLE STATEMENT
Title Government port failure
260 ## - PUBLICATION, DISTRIBUTION, ETC.
Date of publication, distribution, etc. 2003
490 ## - SERIES STATEMENT
Series statement Planning (for the Natural and Built Environment)
Volume/sequential designation (1546) 21 November 2003, 6(1)
520 ## - SUMMARY, ETC.
Summary, etc. MPs on the governments Commons Transport Committee warned that the competitiveness of UK ports is being undermined by the governments failure to deliver on its promise to improve port access. The report notes that there are arguments for planning set at an integrated national level rather than individually as the planning process now is overly complex. The MPs add that despite progress proposed in the Planning and Compulsory Purchase Bill much more could still be done. For the Association of British Ports press release on the issue: http://www.abports.co.uk/news/readnews.asp?newsitemid=695
590 ## - LOCAL NOTE (RLIN)
Local note WB
650 ## - SUBJECT ADDED ENTRY--TOPICAL TERM
Topical term or geographic name entry element ASSOCIATION OF BRITISH PORTS
650 ## - SUBJECT ADDED ENTRY--TOPICAL TERM
Topical term or geographic name entry element PORTS
650 ## - SUBJECT ADDED ENTRY--TOPICAL TERM
Topical term or geographic name entry element PORT EXPANSION
650 ## - SUBJECT ADDED ENTRY--TOPICAL TERM
Topical term or geographic name entry element PLANNING AND COMPULSORY PURCHASE ACT 2004
650 ## - SUBJECT ADDED ENTRY--TOPICAL TERM
Topical term or geographic name entry element INFRASTRUCTURE DEVELOPMENT
690 ## - LOCAL SUBJECT ADDED ENTRY--TOPICAL TERM (OCLC, RLIN)
Topical term or geographic name as entry element TRANSPORT AND COMMUNICATIONS
942 ## - ADDED ENTRY ELEMENTS (KOHA)
Suppress in OPAC 0
Holdings
Withdrawn status Lost status Source of classification or shelving scheme Damaged status Not for loan Home library Current library Shelving location Date acquired Total Checkouts Full call number Barcode Date last seen Copy number Price effective from Koha item type
    Dewey Decimal Classification     London London News article 26/11/2003   WB3945-18 124474-1001 06/08/2019 1 06/08/2019 News article